000 00283nam a2200145Ia 4500
100 _aLakshmi Narayan
650 _aFiction
942 _cBK
245 _aBonsai Kitten
260 _bJufic Book
_c2012
082 _a808.8
_bLAK
300 _a295
546 _aENGLISH
999 _c34734
_d34734